Complétez les slogans de pub - 2 - Statistiques

Statistiques générales
  • Ce quiz a été pris 530 fois
  • Le résultat moyen est 8 sur 15
Statistiques - réponses
Marque Slogan Réponse % Correct
Kiabi La mode à... petits prix
86%
Salakis Au bon lait de... brebis
85%
EA Sports It's in the... game
77%
Vinted Tu ne le portes pas ?... Vends le !
77%
KitKat ... Have a KitKat Have a break ?
74%
Amora Par culture du... goût
64%
Decathlon A fond... la forme
62%
Lego Rebuild the... world
62%
BMW Le plaisir de... conduire
55%
CIC Parce que le monde... bouge
50%
Airfrance Faire du ciel le plus bel endroit de... la terre
46%
Cultura La culture avec un... grand A
24%
Evian Live... young
20%
Danette ... pour Danette Toujours debout
11%
BforBank B for Beaucoup plus... humaine
3%
Aucun quiz correspondant
Distribution des résultats
% des personnes avec chaque résultat
Percentile par nombre de réponses
Votre historique - résultats
Vous n’avez pas pris ce quiz